000 01670cam a2200157 4500500
005 20260405064248.0
041 _afre
042 _adc
100 1 0 _aGuillaume, Bertrand
_eauthor
700 1 0 _ade Tannenberg, Valéry Laramée
_eauthor
700 1 0 _aLaramée de Tannenberg, Valéry
_eauthor
245 0 0 _aScénarios d'avenir : Futurs possibles du climat et de la technologie
260 _bArmand Colin,
_c2012.
520 _aN’en déplaise à quelques « climato-sceptiques » isolés, l’écrasante majorité des scientifiques s’accorde sur la réalité du réchauffement climatique. L’heure n’est plus aux doutes : il faut combattre le mal. Mais comment ? Les scénarios divergent. Certains militent de longue date pour la conclusion d’un accord mondial, juridiquement contraignant, sur la réduction des émissions de gaz à effet de serre. D’autres balayent cette option d’un revers de main. Il serait trop tard selon eux – ou trop coûteux – pour compter sur la simple réduction des émissions afin d’atténuer les bouleversements qui nous attendent. Leur solution ? Provoquer un refroidissement artificiel à l’échelle du globe, en saupoudrant, par exemple, l’atmosphère de particules de sulfates. Comme le montrent les auteurs, si ces options de « géoingénierie » sont parfois crédibles, elles portent en elles de lourdes menaces climatiques, environnementales et géopolitiques. Elles permettraient aussi à quelques entreprises de réaliser, sur la planète, la plus gigantesque OPA de tous les temps.
856 4 1 _uhttps://shs.cairn.info/scenarios-davenir--9782200248512?lang=fr&redirect-ssocas=7080
999 _c2186673
_d2186673